| 000 | 00000nas##2200000za#4500 |
| 001 | 9.511646 |
| 003 | CaOODSP |
| 005 | 20200421173712 |
| 007 | ta |
| 008 | 150406c2000||||xxc|| p #||||f| |0eng|d |
| 022 | |a1910-9180 |
| 040 | |aCaOODSP|beng |
| 041 | |aeng |
| 041 | |afre |
| 043 | |an-cn--- |
| 086 | 1 |aTU1-7 |
| 110 | 2 |aTransportation Safety Board of Canada. |
| 245 | 10|aTSB business plan |
| 246 | 1 |iTitle also cited as : |aTransportation Safety Board of Canada - business plan |
| 260 | |aOttawa - Ontario : |bTransportation Safety Board of Canada |
| 300 | |aEnglish text, ; |c28 cm. |
| 310 | |aAnnual |
| 362 | 1 |a[200- ] -- |
| 520 | 3 |aContains detailed action plans for meeting the Board’s priorities. It also discusses the risks and challenges faced by the Board and lists the financial resources allocated to projects under each priority. |
| 563 | |aCerlox |
| 690 | 07|aBusiness plans|2gcpds |
| 776 | 0#|tPlan d'activités du BST.|w(CaOODSP)9.502096 |
| 776 | 0#|tTSB business plan |w(CaOODSP)9.505695 |
| 792 | |tPlan d'activités du BST |efre|w(CaOODSP)9.511647 |